000 00703nam a22002297a 4500
003 OSt
008 231206b2011 |||||||| |||| 00| 0 eng d
020 _a9781609940171
082 0 0 _a158.4
_bJAW-S
100 1 _aJaworski, Joseph,
245 1 0 _aSynchronicity :
_bthe inner path of leadership /
_cJoseph Jaworski ; introduction by Peter Senge ; Betty Sue Flowers, editor.
250 _aExpanded 2nd edition.
260 _aSan Francisco :
_bBerrett-Koehler Publishers,
_c2011.
300 _axvi, 243 p. :
650 0 _aSelf-realization.
650 0 _aLeadership.
650 0 _aSuccess.
650 0 _aOrganizational learning.
700 _aSenge, Peter
700 _aFlowers, Sue
942 _2ddc
_cBK
999 _c19800
_d19800